000 00725nam a2200289Ia 4500
005 20260324150437.0
008 008 260324s9999 xx 000 0 eng d
020 _a9781003629351
037 _aEBOOK
040 _aCRL
040 _beng
040 _cCRL
041 _2eng
041 _aeng
084 _qCRL
100 _aDavid Coombes
_91226433
245 4 _aThe Member of Parliament and the Administration
245 4 _bThe Case of the Select Committee on Nationalized Industries
260 _bTaylor and Francis
260 _c1966
365 _a
365 _b145
856 _uhttp://www.taylorfrancis.com/books/9781003629351
942 _cEBOOK
999 _c1835890
_d1835890